| 000 | 00648nam a22001817a 4500 | ||
|---|---|---|---|
| 999 |
_c15170 _d15170 |
||
| 003 | OSt | ||
| 082 | _2631.75807 SHI/DE | ||
| 088 | _aT 293 | ||
| 100 |
_aSHIJILA ERIKOTTIL _93456 |
||
| 245 | _aDevelopment of a filter system for roof water harvesting | ||
| 260 |
_aTavanur 2014 _bDEPARTMENT OF LAND &WATER RESOURCES AND CONSERVATION ENGINEERING |
||
| 300 | _a86 | ||
| 500 | _aDevelopment of a filter system for roof water harvesting | ||
| 520 | _aDevelopment of a filter system for roof water harvesting | ||
| 700 |
_aDr. Sathian K. K (Guide) _93449 |
||
| 856 | _uhttps://drive.google.com/open?id=1IUAGWT1E_nfnMdnQmKwXlS8i-eDaClrO | ||
| 942 | _cTH | ||